Регионална библиотека "Любен Каравелов" - Русе

Неоконсерватизмът и буржоазната политическа икономия (Запис номер 157022)

MARC детайли
000 -Лидер
Контролно поле с фиксирана дължина 01471nam a2200301 c 4500
003 - Код на организацията, давaща контролен номер
Контролно поле BLK
005 - Дата и час на последна редакция
Контролно поле 20180422113505.0
008 - Елементи от данни с фиксирана дължина
fixed length control field 180410b bul|||||r ||||||| ||bul||
010 ## - Наследен системен номер
LC control number KNG00163938000
040 ## - Източник на каталожния запис
Идентификатор на билиотеката - собственик на записа BLK
041 ## - Код за език
Код за езика на текст/звукозапис или на отделно заглавие Български
Код за езика КДБФ Български
080 ## - УДК
Текстов определител УДК Икономически теории. Икономически учения и школи
УДК код - определител по УДК 330.8
УДК определител
УДК - код + определител 330.8
100 1# - Редна дума - Автор
Автор Леонидов, Атанас
Авторска отговорност първи автор
R(LIN) 366916
139 ## - Редно поле
Редна дума Леонидов, Атанас
Авторски знак Лео - Л 46
245 10 - Сведения за заглавието
Заглавие Неоконсерватизмът и буржоазната политическа икономия
Подзаглавни данни Моногр.
Редно поле (дума) Атанас Леонидов.
257 ## - Страна на издаване
Страна на създаване/издаване България
260 ## - Област на издателските данни
-- София
Име на издателя, разпространителя и проч. Наука и изкуство
Година на издаване 1988
Печатница София : Ст. Добрев-Странджата, 1988
300 ## - Физическа характеристика
Страници 180 с.
Илюстрации и др. с диагр.
Размери/Мащаб 22 см
380 ## - Жанр
Жанр Обществени науки
500 ## - Общи забележки
Забележка Пълното име на авт. Атанас Леонидов Георгиев 1 414 тир. - Библиогр. под линия. - Рез. на рус., англ. ез. - Предм. показалец
650 #4 - Допълнително описание по предмет – тема
Основно описание – тема или топоним Политическа икономия - икономически учения
9 (RLIN) 325523
653 ## - Ключова дума – ненормативна
Ключова дума политическа икономия
852 ## - Местоположение
Форматна сигнатура Цб 154088
856 4# - Електронен адрес и достъп
Електронен формат pdf - файл
Път до файла /url/
856 4# - Електронен адрес и достъп
Електронен формат pdf - файл
Път до файла /url/
942 ## - АРТИКУЛИ
Вид на библиотечния материал Книги
Скрит в OPAC Не
944 ## - СЪЗДАВАНЕ И РЕДАКЦИЯ на ЗАПИСА
Създаване/Редакция Създаване
Дата на регистрацията/редакция 08.08.2014
Статус, дата на статуса 08.08.2014 - от С1,Р / 08.08.2014
Служител, извършил регистрацията/редакцията Павлина_Енева
944 ## - СЪЗДАВАНЕ И РЕДАКЦИЯ на ЗАПИСА
Създаване/Редакция Редакция
Дата на регистрацията/редакция 08.08.2014
Статус, дата на статуса 08.08.2014 - от С1,Р / 08.08.2014
Служител, извършил регистрацията/редакцията
999 ## - СИСТЕМНИ КОНТРОЛНИ НОМЕРА
Koha biblionumber 157022
Koha biblioitemnumber 157022
Наличности
Код за отписване Код за изгубен артикул Източник на класификационната схема Код за повреда Коз за рестрикции Код за отдаване Артикулен № Име на библиотеката - собственик Име на библиотеката, в която се намира в момента Статус (Текущо местоположение) Дата на вписване в системата Местоположение - отдел Цена в лева Инвентарен номер Систематично азбучна сигнатура Баркод Номер на екземпляра Цена в евро Служебна бележка Служебен тип на артикула
  Не е изгубен Universal Decimal Classification Не е повреден без рестрикции ползва се в читалня 262997 Регионална библиотека "Любен Каравелов" Русе Регионална библиотека "Любен Каравелов" Русе Хранилище 1988-01-01 Хранилище 1.70 504412 Цб 154088 120000504412 1 0.87 N: стар фонд Дата: 01.01.1988 Книги
Изтеглен Не е изгубен Universal Decimal Classification Не е повреден без рестрикции заемане за дома 262998 Регионална библиотека "Любен Каравелов" Русе Регионална библиотека "Любен Каравелов" Русе Заемна - подръчен фонд 1988-01-01 Заемна - подръчен фонд 1.70 505720 П 330/Л 46 505720 2 0.87 N: стар фонд Дата: 01.01.1988 Дата инв: 05.02.2018 Бележки инв: П2018 Книги
Vip Innovations Ltd, Rousse, Bulgaria 2025